000 02779nab a2200301 i 4500
003 BR-BrBNA
005 20260422150940.0
008 260422b2019 bl.mr|pooa||| 00| 0 por |
040 _aBR-BrBNA
_bpor
072 _aE14
100 _aSilva, Felipe Pinto da
100 _aAraujo, Jair Andrade
100 _aCosta, Edward Martins
100 _aVieira Filho, José Eustáquio Ribeiro
245 _aEficiência técnica e heterogeneidade tecnológica na agropecuária das regiões semiárida e não semiárida do Nordeste brasileiro
500 _aPublicação on-line; 37 ref.; 6 tables; Sumaries (Pt, En)
520 _a Resumo: Este estudo busca analisar as diferenças tecnológicas da produção agropecuária entre os municípios situados no semiárido e no não semiárido do Nordeste brasileiro. Utiliza-se o modelo de meta-fronteira tecnológica, proposta por Battese, Rao e O’Donnell (2004) (2004) e O’Donnell et al. (2008), para responder até que ponto essas diferenças regionais influenciam na eficiência da produção. Constatou-se que a hipótese de que os municípios pertencentes ao semiárido e ao não semiárido deparam-se com diferentes oportunidades de produção. Os resultados indicaram que, quando comparadas as duas regiões, o não semiárido possui a maior eficiência técnica média com referência à meta-fronteira. Palavras-chave: agricultura, tecnologia, semiárido nordestino, fronteira de produção.
520 _a Abstract: This study aims to analyze the technological differences in agricultural production between the municipalities in the semiarid and non-semiarid Northeast Brazil. It uses the technological meta-frontier model proposed by Battese, Rao e O’Donnell (2004), and O’Donnell, Rao e Battese (2008), for responding to what extent these regional differences influence the efficiency of production. It was observed that the hypothesis that the municipalities belonging to the semiarid and non-semiarid face with different production opportunities. The results indicated, that comparing both regions, the non-semiarid region has the highest average technical efficiency with reference to meta-frontier. Key-words: agriculture, technology, semi-arid northeast, production frontier.
650 _aAGRICULTURA
650 _aCONDIÇÃO AMBIENTAL
650 _aTECNOLOGIA
650 _aNORDESTE
650 _aDESENVOLVIMETO RURAL
773 0 _03564
_9316865
_dBrasília-DF Sociedade Brasileira de Economia e Sociologia Rural 1988
_o2024-3409
_tRevista de Economia e Sociologia Rural (Brazil)
_x0103-2003
_gv. 57 (3) p. 379-395; (2019)
_wBR2025004911
856 _uhttps://www.scielo.br/j/resr/a/qYQXgM6ZPhztDc8YCbn6Znc/?format=pdf&lang=pt
942 _cANA
999 _c341497
_d341497